000 00947nam a2200277 a 4500
001 46907
003 BD-RjUL
005 20211209054228.0
008 160806s1969 nyua b 001 0 eng
035 _a(BD-RjUL)47026
040 _aDLC
_cDLC
_dDLC
_dBD-RjUL
_beng
041 _aeng
082 0 0 _a350
_223
_bPOL 1969
245 1 0 _aPolicies, decisions, and organization /
_cedited by Fremont J. Lyden, George A. Shipman [and] Morton Kroll.
260 _aNew York :
_bAppleton-Century-Crofts,
_cc1969
300 _avii, 387 p. :
_bill. ;
_c24 cm.
504 _aBibliographical footnotes.
650 0 _aPublic administration.
_9142883
650 0 _aDecision making.
_9142884
650 0 _aOrganization.
_9142885
700 1 _aLyden, Fremont J., editor
_9142886
700 1 _aShipman, George A.
_q(George Anderson),
_d1903-1982,
_ejoint editor
_9142887
700 1 _aKroll, Morton,
_ejoint editor
_9142888
942 _2ddc
_cBK
999 _c46907
_d46907